Регионална библиотека "Любен Каравелов" - Русе

Камъкът на твоя ден (Запис номер 322741)

MARC детайли
000 -Лидер
Контролно поле с фиксирана дължина 00999aam a2200289 a 4500
003 - Код на организацията, давaща контролен номер
Контролно поле BLK
005 - Дата и час на последна редакция
Контролно поле 20250131125717.0
008 - Елементи от данни с фиксирана дължина
fixed length control field 181012b bu ||||| |||| 00| 0 bu d
020 ## - Международен стандартен номер на книга ISBN
Международен стандартен номер на книга ISBN 978-619-161-164-5
040 ## - Източник на каталожния запис
Идентификатор на билиотеката - собственик на записа BLK
041 ## - Код за език
Код за езика на текст/звукозапис или на отделно заглавие Български
Код за езика КДБФ Български
080 ## - УДК
Текстов определител УДК Македонска литература
УДК код - определител по УДК 821.163.3
УДК определител -31
УДК - код + определител 821.163.3-31
100 ## - Редна дума - Автор
Автор Михайловска-Георгиева, Ягода
Авторска отговорност първи автор
R(LIN) 390010
139 ## - Редно поле
Редна дума Михайловска-Георгиева, Ягода
Авторски знак Михаи - М 74
245 ## - Сведения за заглавието
Заглавие Камъкът на твоя ден
Подзаглавни данни Хималайска приказка
Редно поле (дума) Ягода Михайловска-Георгиева
260 ## - Област на издателските данни
Име на издателя, разпространителя и проч. Персей
Година на издаване 2018
Място на издаване, разпространение и проч. София
300 ## - Физическа характеристика
Страници 320 с.
Размери/Мащаб 20 см
380 ## - Жанр
Жанр Худож. лит.
700 ## - Други автори (авторска отговорност)
9 (RLIN) 966
Лично име Попова, Таня
Автороска отговорност (Описва отношението между автора и произведението) прев.
999 ## - СИСТЕМНИ КОНТРОЛНИ НОМЕРА
Koha biblionumber 322741
Koha biblioitemnumber 322741
942 ## - АРТИКУЛИ
Вид на библиотечния материал Книги
Източник на класификационната схема Universal Decimal Classification
Скрит в OPAC Не
Koha issues (borrowed), all copies 20
Периодичен библиозапис Да
999 ## - СИСТЕМНИ КОНТРОЛНИ НОМЕРА
Koha biblioitemnumber 322741
999 ## - СИСТЕМНИ КОНТРОЛНИ НОМЕРА
Koha biblioitemnumber 322741
999 ## - СИСТЕМНИ КОНТРОЛНИ НОМЕРА
Koha biblioitemnumber 322741
999 ## - СИСТЕМНИ КОНТРОЛНИ НОМЕРА
Koha biblioitemnumber 322741
999 ## - СИСТЕМНИ КОНТРОЛНИ НОМЕРА
Koha biblioitemnumber 322741
944 ## - СЪЗДАВАНЕ И РЕДАКЦИЯ на ЗАПИСА
Служител, извършил регистрацията/редакцията 30576
Статус, дата на статуса Цветомила Тодорова
Наличности
Код за отписване Код за изгубен артикул Източник на класификационната схема Код за повреда Код за отдаване Артикулен № Име на библиотеката - собственик Име на библиотеката, в която се намира в момента Статус (Текущо местоположение) Дата на вписване в системата Местоположение - отдел Цена в лева Инвентарен номер Систематично азбучна сигнатура Баркод Цена в евро Служебен тип на артикула
  Не е изгубен Universal Decimal Classification Не е повреден заемане за дома 677061 Регионална библиотека "Любен Каравелов" Русе Регионална библиотека "Любен Каравелов" Русе Заемна - подръчен фонд 2018-06-01 Заемна - подръчен фонд 11.24 120000820796 П 886.1/.6/М 74 120000820796 5.75 Книги
  Не е изгубен Universal Decimal Classification Не е повреден заемане за дома 677524 Регионална библиотека "Любен Каравелов" Русе Регионална библиотека "Любен Каравелов" Русе Заемна - подръчен фонд 2018-06-18 Заемна - подръчен фонд 14.99 120000821322 П 886.1/.6/М 74 120000821322 7.66 Книги
Vip Innovations Ltd, Rousse, Bulgaria 2025